[Event "Titled Tuesday intern op 20th May Late"]
[Site "Chess.com INT"]
[Date "2025.05.20"]
[Round "3"]
[White "Brzezina, Piotr"]
[Black "Sivakumar, Shaashwath"]
[Result "0-1"]
[WhiteElo "2301"]
[BlackElo "2234"]
[PlyCount "46"]
[EventDate "2025.05.20"]
[EventType "swiss (blitz)"]
[EventRounds "11"]
[EventCountry "USA"]
[SourceTitle "CB22_2025"]
[SourceDate "2025.05.28"]
[SourceVersion "1"]
[SourceVersionDate "2025.05.28"]
[SourceQuality "1"]

1. d4 d5 2. c4 c6 3. Nf3 Nf6 4. Nc3 dxc4 5. a4 Bf5 6. e3 e6 7. Bxc4 Bb4 8. Qe2 Nbd7 9. 0-0 Bg6 10. h3 0-0 11. Bd2 Qe7 12. Rfd1 Rfd8 13. Be1 a5 14. Rac1 e5 15. d5 e4 16. Nd4 Ne5 17. dxc6 bxc6 18. Na2 Bh5 19. Nf5 Qc7 20. g4 Nf3+ 21. Kf1 Qh2 22. Qc2 Qxh3+ 23. Ke2 Bxg4 0-1

[Event "Titled Tuesday intern op 18th Mar Late"]
[Site "Chess.com INT"]
[Date "2025.03.18"]
[Round "3"]
[White "Badacsonyi, Stanley Ethan Artie"]
[Black "Sivakumar, Shaashwath"]
[Result "1-0"]
[WhiteElo "2334"]
[BlackElo "2267"]
[PlyCount "61"]
[EventDate "2025.03.18"]
[EventType "swiss (blitz)"]
[EventRounds "11"]
[EventCountry "USA"]
[SourceTitle "CB13_2025"]
[SourceDate "2025.03.26"]
[SourceVersion "1"]
[SourceVersionDate "2025.03.26"]
[SourceQuality "1"]

1. d4 d5 2. c4 c6 3. cxd5 cxd5 4. Bf4 Nc6 5. e3 Bf5 6. Nc3 e6 7. Qb3 Qd7 8. Nf3 f6 9. Rc1 g5 10. Bg3 h5 11. h3 Rc8 12. Bb5 Nge7 13. Na4 Ng6 14. Nc5 Bxc5 15. Rxc5 Kf7 16. Kd2 g4 17. hxg4 hxg4 18. Rxh8 Rxh8 19. Ne1 Nge7 20. Qa3 a6 21. Be2 e5 22. dxe5 fxe5 23. Nd3 d4 24. exd4 Qxd4 25. Qc3 e4 26. Qxd4 Nxd4 27. Ne5+ Ke6 28. Bc4+ Kd6 29. b4 b6 30. Nf7+ Kd7 31. Rc7+ 1-0

[Event "San Jose Chess sin Fronteras"]
[Site "San Jose"]
[Date "2025.02.17"]
[Round "9"]
[White "Jimenez Garcia, Emanuel"]
[Black "Sivakumar, Shaashwath"]
[Result "1/2-1/2"]
[WhiteElo "2364"]
[BlackElo "2273"]
[PlyCount "119"]
[EventDate "2025.02.14"]
[EventType "tourn"]
[EventRounds "9"]
[EventCountry "USA"]
[EventCategory "2"]
[SourceTitle "CB09_2025"]
[SourceDate "2025.02.27"]
[SourceVersion "1"]
[SourceVersionDate "2025.02.27"]
[SourceQuality "1"]

1. Nf3 d5 2. g3 Bg4 3. Bg2 e6 4. h3 Bh5 5. c4 c6 6. Qb3 Qb6 7. d3 Nd7 8. Be3 Bc5 9. Bxc5 Nxc5 10. Qc3 Nf6 11. Nbd2 a5 12. 0-0 0-0 13. Rfc1 Ncd7 14. a3 Rfe8 15. b4 a4 16. b5 c5 17. e3 Qd6 18. d4 Rec8 19. Ne5 Bg6 20. cxd5 Nxd5 21. Qb2 cxd4 22. Ndc4 Qe7 23. Nxd7 Qxd7 24. e4 Nc3 25. Nb6 Qd6 26. Nxa8 Rxa8 27. Rxc3 dxc3 28. Qxc3 f6 29. e5 Qxe5 30. Qxe5 fxe5 31. Bxb7 Rb8 32. Bc6 Bd3 33. b6 Rxb6 34. Bxa4 Kf7 35. Bd1 Rb1 36. Rxb1 Bxb1 37. Kf1 Ke7 38. Ke2 Kd6 39. Ke3 Ba2 40. Bc2 h6 41. Bg6 Bd5 42. h4 Bc6 43. Bc2 Kc5 44. Bb3 Bd5 45. Ba4 Kc4 46. h5 Kc5 47. Be8 Kd6 48. a4 Kc5 49. a5 Bb7 50. Bd7 Kb4 51. a6 Bxa6 52. Ke4 Be2 53. Be8 Kc3 54. Kxe5 Kd2 55. Kf4 Bd1 56. g4 Kd3 57. Bd7 Ke2 58. f3 Kf2 59. Bxe6 Bxf3 60. Bf5 1/2-1/2

[Event "San Jose Chess sin Fronteras"]
[Site "San Jose"]
[Date "2025.02.16"]
[Round "5"]
[White "Sivakumar, Shaashwath"]
[Black "Deng, Henry"]
[Result "1/2-1/2"]
[WhiteElo "2273"]
[BlackElo "2321"]
[PlyCount "86"]
[EventDate "2025.02.14"]
[EventType "tourn"]
[EventRounds "9"]
[EventCountry "USA"]
[EventCategory "2"]
[SourceTitle "CB09_2025"]
[SourceDate "2025.02.27"]
[SourceVersion "1"]
[SourceVersionDate "2025.02.27"]
[SourceQuality "1"]

1. d4 d5 2. c4 c6 3. Nf3 Nf6 4. e3 Bf5 5. Nc3 e6 6. Nh4 Bg6 7. Be2 Nbd7 8. Bd2 Be7 9. Rc1 dxc4 10. Nxg6 hxg6 11. Bxc4 0-0 12. 0-0 c5 13. Be2 cxd4 14. exd4 Nb6 15. Bf4 Nfd5 16. Be5 Bg5 17. Nxd5 Nxd5 18. Rc4 Rc8 19. Rc5 Bf6 20. Rxc8 Qxc8 21. Qd2 Bxe5 22. dxe5 Qc7 23. Qd4 b6 24. Bf3 Rd8 25. Rd1 Rd7 26. Qa4 Rd8 27. Qd4 b5 28. g3 Rd7 29. Qe4 Nb6 30. Rxd7 Qxd7 31. Qc6 Qd4 32. Qe8+ Kh7 33. Qxf7 Qxe5 34. b3 Nd5 35. Qxa7 Nb4 36. Qe7 Nxa2 37. Bg4 Qe1+ 38. Kg2 Qe4+ 39. Kh3 Nc1 40. Bxe6 Nd3 41. f3 Nf4+ 42. gxf4 Qxf3+ 43. Kh4 Qxf4+ 1/2-1/2

[Event "San Jose Chess sin Fronteras"]
[Site "San Jose"]
[Date "2025.02.15"]
[Round "4"]
[White "Guo, Andrew"]
[Black "Sivakumar, Shaashwath"]
[Result "1/2-1/2"]
[WhiteElo "2226"]
[BlackElo "2273"]
[PlyCount "102"]
[EventDate "2025.02.14"]
[EventType "tourn"]
[EventRounds "9"]
[EventCountry "USA"]
[EventCategory "2"]
[SourceTitle "CB09_2025"]
[SourceDate "2025.02.27"]
[SourceVersion "1"]
[SourceVersionDate "2025.02.27"]
[SourceQuality "1"]

1. d4 d5 2. c4 c6 3. Nf3 Nf6 4. Nbd2 Bf5 5. Nh4 Be6 6. e3 g6 7. Nhf3 Bg7 8. Be2 0-0 9. 0-0 Bg4 10. b3 c5 11. Bb2 cxd4 12. Nxd4 Bxe2 13. Qxe2 e5 14. N4f3 e4 15. Nd4 Qe7 16. Nb5 Nc6 17. Rad1 Rfd8 18. Ba3 Qe5 19. cxd5 Nxd5 20. Nc4 Qe6 21. Bb2 Bxb2 22. Qxb2 Ncb4 23. Nd4 Qe8 24. a4 b6 25. Qd2 Rac8 26. f3 exf3 27. Rxf3 Qe7 28. Qb2 f6 29. Nb5 a6 30. Nbd6 Rxd6 31. Nxd6 Qxd6 32. e4 Qc5+ 33. Kh1 Nc3 34. Rc1 Nba2 35. Rcf1 Rc6 36. Rd3 Rd6 37. Rxd6 Qxd6 38. h3 Qd3 39. Ra1 Nb4 40. Qf2 Qd6 41. Qe3 Qe5 42. Qxb6 Nxe4 43. Rd1 Qf4 44. Kg1 Nc2 45. Rf1 Qe5 46. Qxa6 Qd4+ 47. Kh2 Qe5+ 48. Kg1 Qd4+ 49. Kh2 Ne3 50. Qe6+ Kg7 51. Rf4 f5 1/2-1/2

[Event "San Jose Chess sin Fronteras"]
[Site "San Jose"]
[Date "2025.02.14"]
[Round "2"]
[White "Yan, Nathan"]
[Black "Sivakumar, Shaashwath"]
[Result "1-0"]
[WhiteElo "2152"]
[BlackElo "2273"]
[PlyCount "143"]
[EventDate "2025.02.14"]
[EventType "tourn"]
[EventRounds "9"]
[EventCountry "USA"]
[EventCategory "2"]
[SourceTitle "CB09_2025"]
[SourceDate "2025.02.27"]
[SourceVersion "1"]
[SourceVersionDate "2025.02.27"]
[SourceQuality "1"]

1. e4 c5 2. Nf3 d6 3. d4 cxd4 4. Nxd4 Nf6 5. Nc3 a6 6. Be3 e6 7. f3 h5 8. Qd2 b5 9. a3 Be7 10. Be2 Bb7 11. 0-0-0 Nbd7 12. h3 h4 13. Kb1 Rc8 14. Rhe1 Nh5 15. f4 Ng3 16. Bd3 Nc5 17. Bf2 Qb6 18. Nde2 Nxe2 19. Bxe2 Qc7 20. Bf3 Nd7 21. Bd4 0-0 22. e5 dxe5 23. fxe5 Rfd8 24. Qf2 Rb8 25. Bxb7 Rxb7 26. Rf1 Rf8 27. Qf4 b4 28. axb4 Rxb4 29. Ne4 Nb6 30. Nf6+ Bxf6 31. exf6 Qxf4 32. Rxf4 Nd5 33. fxg7 Rd8 34. Rff1 Rc8 35. Rf3 Rcc4 36. c3 Rb5 37. Rdf1 Rb7 38. g3 a5 39. gxh4 a4 40. h5 a3 41. R1f2 e5 42. Bxe5 Re4 43. Bd4 f6 44. h6 Rb8 45. Rg3 Nf4 46. h7+ Kxh7 47. g8Q+ Rxg8 48. Rxg8 Kxg8 49. bxa3 Kf7 50. a4 Nd5 51. Kc2 Re6 52. Kb3 Kg6 53. Kc4 Nc7 54. a5 f5 55. Bb6 Rc6+ 56. Kb3 Nd5 57. Bd4 Kg5 58. c4 Nc7 59. Be3+ Kf6 60. h4 Ne6 61. Kb4 Ke5 62. Kb5 Rc8 63. Bb6 f4 64. a6 Nf8 65. a7 Nd7 66. c5 Ke4 67. Ka6 Ke3 68. Rb2 f3 69. c6+ Nxb6 70. Kxb6 f2 71. Rxf2 Kxf2 72. Kb7 1-0

[Event "Pan American Intercollegiate-chT"]
[Site "Charlotte"]
[Date "2025.01.03"]
[Round "3.25"]
[White "Sivakumar, Shaashwath"]
[Black "Chumpitaz Carbajal, Ann"]
[Result "0-1"]
[WhiteElo "2293"]
[BlackElo "2277"]
[PlyCount "100"]
[EventDate "2025.01.02"]
[EventType "team-swiss"]
[EventRounds "6"]
[EventCountry "USA"]
[SourceTitle "CB02_2025"]
[SourceDate "2025.01.08"]
[SourceVersion "1"]
[SourceVersionDate "2025.01.08"]
[SourceQuality "1"]
[WhiteTeam "Californie Univ Los Angeles"]
[BlackTeam "Texas Dallas Univ III"]
[WhiteTeamCountry "USA"]
[BlackTeamCountry "USA"]

1. d4 Nf6 2. c4 c5 3. d5 b5 4. cxb5 a6 5. bxa6 e6 6. Nc3 exd5 7. Nxd5 Be7 8. e4 0-0 9. Bd3 Nxa6 10. Ne2 Nxd5 11. exd5 Nb4 12. Bc4 Ba6 13. Bxa6 Rxa6 14. Nc3 Qa8 15. 0-0 Nxa2 16. Qe2 Bf6 17. Qc4 Bxc3 18. bxc3 Ra4 19. Qxc5 Rc8 20. Qd6 Nxc3 21. Rxa4 Qxa4 22. Bd2 Ne4 23. Qb4 Qxb4 24. Bxb4 f5 25. f3 Nc3 26. Bxc3 Rxc3 27. Re1 Rd3 28. Re5 g6 29. Kf2 Kf7 30. Ke2 Rd4 31. Ke3 Rd1 32. Kf4 h6 33. g4 d6 34. Re2 Rd4+ 35. Ke3 Rxd5 36. Ra2 Re5+ 37. Kd4 Ke6 38. h4 fxg4 39. fxg4 Re1 40. h5 gxh5 41. gxh5 Rh1 42. Ra5 Rg1 43. Ra2 Rg5 44. Rh2 Re5 45. Rh1 Kf6 46. Rh2 Kg5 47. Ra2 Kxh5 48. Ra6 Re6 49. Kd5 Rf6 50. Ra1 Kg6 0-1

[Event "Seattle PNWCC Thanksgiving"]
[Site "Seattle"]
[Date "2024.11.30"]
[Round "6"]
[White "Chen, Richard"]
[Black "Sivakumar, Shaashwath"]
[Result "1-0"]
[WhiteElo "2265"]
[BlackElo "2293"]
[PlyCount "70"]
[EventDate "2024.11.27"]
[EventType "swiss"]
[EventRounds "9"]
[EventCountry "USA"]
[EventCategory "2"]
[SourceTitle "CB50_2024"]
[SourceDate "2024.11.01"]
[SourceVersion "1"]
[SourceVersionDate "2024.11.01"]
[SourceQuality "2"]

1. e4 c5 2. Nf3 d6 3. Bb5+ Nd7 4. 0-0 a6 5. Be2 Ngf6 6. d3 e6 7. a4 b6 8. Nfd2 Bb7 9. f4 Be7 10. Nc3 0-0 11. Bf3 Rb8 12. Qe2 Ne8 13. Nc4 Nc7 14. g4 d5 15. exd5 exd5 16. Qg2 dxc4 17. Bxb7 cxd3 18. cxd3 Nf6 19. g5 Nfe8 20. f5 Qd4+ 21. Kh1 Bd6 22. Be4 Be5 23. Qh3 Qd7 24. Qf3 Nd6 25. Bc6 Qc8 26. Ne4 Nce8 27. Bd5 g6 28. fxg6 hxg6 29. Nf6+ Nxf6 30. gxf6 Qf5 31. Qe2 Qh5 32. Bf3 Qh3 33. Bg4 Qxf1+ 34. Qxf1 Rfd8 35. Bf4 Bd4 1-0

[Event "Seattle PNWCC Thanksgiving"]
[Site "Seattle"]
[Date "2024.11.29"]
[Round "4"]
[White "Sivakumar, Shaaketh"]
[Black "Sivakumar, Shaashwath"]
[Result "1/2-1/2"]
[WhiteElo "2306"]
[BlackElo "2293"]
[PlyCount "67"]
[EventDate "2024.11.27"]
[EventType "swiss"]
[EventRounds "9"]
[EventCountry "USA"]
[EventCategory "2"]
[SourceTitle "CB50_2024"]
[SourceDate "2024.11.01"]
[SourceVersion "1"]
[SourceVersionDate "2024.11.01"]
[SourceQuality "2"]

1. e4 c5 2. Nf3 d6 3. Bb5+ Nd7 4. c4 Ngf6 5. Nc3 a6 6. Ba4 g6 7. 0-0 Bg7 8. h3 0-0 9. Rb1 Ne5 10. d3 Nxf3+ 11. Qxf3 Ne8 12. Qe2 Nc7 13. Be3 b5 14. Bb3 Ne6 15. f4 Nd4 16. Qf2 Bb7 17. Ne2 Nxb3 18. axb3 f5 19. Ng3 fxe4 20. dxe4 h5 21. Qc2 e5 22. f5 h4 23. Nh1 gxf5 24. exf5 Qf6 25. Qd2 Be4 26. Bg5 Qf7 27. Rbc1 Bxf5 28. Qxd6 e4 29. Be3 Rad8 30. Qxc5 Qg6 31. Nf2 Qg3 32. Nh1 Qg6 33. Nf2 Qg3 34. Nh1 1/2-1/2

[Event "Seattle PNWCC Thanksgiving"]
[Site "Seattle"]
[Date "2024.11.28"]
[Round "2"]
[White "Georgiev, Vladimir"]
[Black "Sivakumar, Shaashwath"]
[Result "1-0"]
[WhiteElo "2388"]
[BlackElo "2293"]
[PlyCount "51"]
[EventDate "2024.11.27"]
[EventType "swiss"]
[EventRounds "9"]
[EventCountry "USA"]
[EventCategory "2"]
[SourceTitle "CB50_2024"]
[SourceDate "2024.11.01"]
[SourceVersion "1"]
[SourceVersionDate "2024.11.01"]
[SourceQuality "2"]

1. d4 d5 2. c4 c6 3. cxd5 cxd5 4. Bf4 Nc6 5. e3 Bf5 6. Nc3 e6 7. Qb3 Qd7 8. Nf3 Nge7 9. Nb5 Ng6 10. Nc7+ Kd8 11. Nxa8 Bb4+ 12. Kd1 Nxf4 13. exf4 f6 14. Bb5 Bd6 15. Bxc6 bxc6 16. Ne5 fxe5 17. fxe5 Bf8 18. Qb8+ Ke7 19. Rc1 g6 20. Nc7 Bg7 21. Qb4+ Kf7 22. Na6 Qc8 23. Qa4 Qb7 24. Qxc6 Qxb2 25. Qc7+ Ke8 26. Qc8+ 1-0

[Event "Seattle PNWCC Thanksgiving"]
[Site "Seattle"]
[Date "2024.11.28"]
[Round "3"]
[White "Sivakumar, Shaashwath"]
[Black "Komarov, Dimitri"]
[Result "1/2-1/2"]
[WhiteElo "2293"]
[BlackElo "2442"]
[PlyCount "40"]
[EventDate "2024.11.27"]
[EventType "swiss"]
[EventRounds "9"]
[EventCountry "USA"]
[EventCategory "2"]
[SourceTitle "CB50_2024"]
[SourceDate "2024.11.01"]
[SourceVersion "1"]
[SourceVersionDate "2024.11.01"]
[SourceQuality "2"]

1. d4 Nf6 2. c4 e6 3. g3 d5 4. Nf3 Be7 5. Bg2 0-0 6. 0-0 dxc4 7. Qc2 a6 8. a4 Bd7 9. Qxc4 Bc6 10. Bf4 Bd6 11. Qc1 Nbd7 12. Nc3 Qe7 13. Bg5 h6 14. Bxf6 Nxf6 15. Qc2 Bxf3 16. Bxf3 c6 17. Rfd1 Rfd8 18. e3 Rd7 19. a5 Re8 20. Na4 Rdd8 1/2-1/2

[Event "Seattle PNWCC Thanksgiving"]
[Site "Seattle"]
[Date "2024.11.27"]
[Round "1"]
[White "Sivakumar, Shaashwath"]
[Black "Vijayakumar, Advaith"]
[Result "1-0"]
[WhiteElo "2293"]
[BlackElo "2149"]
[PlyCount "65"]
[EventDate "2024.11.27"]
[EventType "swiss"]
[EventRounds "9"]
[EventCountry "USA"]
[EventCategory "2"]
[SourceTitle "CB50_2024"]
[SourceDate "2024.11.01"]
[SourceVersion "1"]
[SourceVersionDate "2024.11.01"]
[SourceQuality "2"]

1. d4 d5 2. c4 dxc4 3. e3 Nf6 4. Bxc4 e6 5. Nf3 c5 6. 0-0 Nc6 7. Qe2 cxd4 8. Rd1 Be7 9. exd4 0-0 10. Nc3 Na5 11. Bd3 b6 12. Qe5 Bd6 13. Qg5 Bb7 14. Ne5 Rc8 15. Qh4 Be7 16. Bg5 g6 17. Bh6 Nd5 18. Qg3 Nxc3 19. bxc3 Rxc3 20. Bxf8 Bxf8 21. Qf4 f5 22. Be2 Bd5 23. Bf3 Be7 24. Bxd5 Qxd5 25. Rac1 Rxc1 26. Qxc1 Qxa2 27. Qc8+ Bf8 28. d5 Kg7 29. Qd7+ Kh6 30. Nf7+ Kh5 31. dxe6 Bc5 32. e7 Qxf2+ 33. Kh1 1-0

[Event "Titled Tuesday intern op 24th Sep Early"]
[Site "Chess.com INT"]
[Date "2024.09.24"]
[Round "3"]
[White "Sivakumar, Shaashwath"]
[Black "Matyukov, Petr"]
[Result "1-0"]
[WhiteElo "2321"]
[BlackElo "2315"]
[PlyCount "139"]
[EventDate "2024.09.24"]
[EventType "swiss (blitz)"]
[EventRounds "11"]
[EventCountry "USA"]
[SourceTitle "EXT 2025"]
[Source "ChessBase"]
[SourceDate "2024.10.14"]
[SourceVersion "1"]
[SourceVersionDate "2024.10.14"]
[SourceQuality "1"]

1. d4 Nf6 2. c4 g6 3. Nc3 Bg7 4. e4 d6 5. f3 0-0 6. Nge2 a6 7. Bg5 c5 8. Qd2 Nc6 9. d5 Ne5 10. Ng3 b5 11. h4 h5 12. Be2 Qa5 13. Nf1 bxc4 14. Ne3 Qb4 15. 0-0 Rb8 16. Rab1 a5 17. Rfc1 Ba6 18. b3 Qb6 19. bxc4 Qc7 20. Qd1 Rb4 21. a3 Rxb1 22. Rxb1 Rb8 23. f4 Neg4 24. Nxg4 Nxg4 25. Bxg4 Bxc3 26. Be2 Bd4+ 27. Kh1 Rb7 28. f5 Qb8 29. Rxb7 Qxb7 30. fxg6 fxg6 31. Qf1 Kg7 32. Qf4 Be5 33. Qf1 Bf6 34. Bxf6+ exf6 35. Qf4 Qb1+ 36. Kh2 Qe1 37. Bf3 Qf2 38. Kh3 Bc8+ 39. Kh2 Qe1 40. Qg3 Qxg3+ 41. Kxg3 Kf7 42. Be2 Ke7 43. Kf4 Kf7 44. g4 Bd7 45. gxh5 gxh5 46. Bxh5+ Kg7 47. Bg4 Be8 48. Be6 Kf8 49. Kf5 Ke7 50. Kg4 Kf8 51. h5 Kg7 52. Bf5 Kh6 53. Bg6 Bxg6 54. hxg6 Kxg6 55. a4 Kf7 56. Kf5 Kg7 57. Ke6 Kg6 58. Kxd6 Kg5 59. Ke6 Kf4 60. Kxf6 Kxe4 61. d6 Kd4 62. d7 Kxc4 63. d8Q Kb3 64. Qb6+ Kc4 65. Qb5+ Kd4 66. Qxa5 c4 67. Qd2+ Kc5 68. Qc3 Kd5 69. Kf5 Kc5 70. Ke5 1-0

[Event "Titled Tuesday intern op 10th Sep Late"]
[Site "Chess,com INT"]
[Date "2024.09.10"]
[Round "1"]
[White "Sivakumar, Shaashwath"]
[Black "Panchenko, Dmitry"]
[Result "0-1"]
[WhiteElo "2321"]
[BlackElo "2311"]
[PlyCount "90"]
[EventDate "2024.09.10"]
[EventType "swiss (blitz)"]
[EventRounds "11"]
[EventCountry "USA"]
[SourceTitle "EXT 2025"]
[Source "ChessBase"]
[SourceDate "2024.10.14"]
[SourceVersion "1"]
[SourceVersionDate "2024.10.14"]
[SourceQuality "1"]

1. d4 Nf6 2. c4 e6 3. Nc3 Bb4 4. e3 c5 5. a3 Bxc3+ 6. bxc3 b6 7. dxc5 bxc5 8. Bd3 Bb7 9. Nf3 0-0 10. 0-0 d6 11. Qc2 Nbd7 12. e4 h6 13. a4 Qc7 14. a5 Rab8 15. a6 Ba8 16. Re1 Rb6 17. Bd2 Rfb8 18. Reb1 Qc8 19. Qc1 Bxe4 20. Bxe4 Nxe4 21. Be1 Rxb1 22. Rxb1 Rb6 23. Rxb6 Nxb6 24. Qf4 Qc6 25. Qh4 Nxc4 26. Qd8+ Kh7 27. Qe7 Qxa6 28. Qxf7 d5 29. h4 Nf6 30. h5 Qc8 31. Qxa7 Nxh5 32. Nh4 Nf6 33. Qf7 Qe8 34. Qc7 Qh5 35. Nf3 Ne4 36. Qe7 Qg4 37. Kf1 Qf5 38. Qc7 Nb2 39. Nh4 Qf6 40. f3 Nd3 41. Qh2 Nxe1 42. Kxe1 Qxc3+ 43. Kf1 Qd3+ 44. Ke1 Qd2+ 45. Kf1 Qf2# 0-1

[Event "Titled Tuesday intern op 03rd Sep Early"]
[Site "Chess.com INT"]
[Date "2024.09.03"]
[Round "11"]
[White "Ahmad, Khagan"]
[Black "Sivakumar, Shaashwath"]
[Result "1-0"]
[WhiteElo "2406"]
[BlackElo "2321"]
[PlyCount "89"]
[EventDate "2024.09.03"]
[EventType "swiss (blitz)"]
[EventRounds "11"]
[EventCountry "USA"]
[SourceTitle "EXT 2025"]
[Source "ChessBase"]
[SourceDate "2024.10.14"]
[SourceVersion "1"]
[SourceVersionDate "2024.10.14"]
[SourceQuality "1"]

1. d3 d5 2. Nf3 Nf6 3. g3 Bg4 4. Bg2 e6 5. Ne5 Bf5 6. 0-0 Nbd7 7. Nxd7 Qxd7 8. b3 h5 9. h3 e5 10. h4 0-0-0 11. Bb2 Bd6 12. c4 d4 13. Nd2 Bh3 14. c5 Bxc5 15. Rc1 Bd6 16. Nc4 Kb8 17. e3 Bxg2 18. Kxg2 dxe3 19. fxe3 Rhe8 20. e4 Ng4 21. Qf3 f6 22. Ne3 Bf8 23. Rfd1 Nxe3+ 24. Qxe3 Be7 25. d4 Qe6 26. d5 Qa6 27. a4 Qb6 28. Qf3 g6 29. Rc4 Rf8 30. Rdc1 Bd6 31. b4 a5 32. Ba3 axb4 33. Bxb4 Bxb4 34. Rb1 f5 35. Rcxb4 fxe4 36. Qe2 Qa5 37. Rxb7+ Ka8 38. R7b5 Qa7 39. Rb7 Qa5 40. R7b5 Qa7 41. Qe1 e3 42. Ra5 Rf2+ 43. Kh3 Rd6 44. Rxa7+ Kxa7 45. Qa5+ 1-0

[Event "Titled Tuesday intern op 03rd Sep Early"]
[Site "Chess.com INT"]
[Date "2024.09.03"]
[Round "5"]
[White "Sivakumar, Shaashwath"]
[Black "Santos, Isaque Goncalves"]
[Result "1-0"]
[WhiteElo "2321"]
[BlackElo "1980"]
[PlyCount "51"]
[EventDate "2024.09.03"]
[EventType "swiss (blitz)"]
[EventRounds "11"]
[EventCountry "USA"]
[SourceTitle "EXT 2025"]
[Source "ChessBase"]
[SourceDate "2024.10.14"]
[SourceVersion "1"]
[SourceVersionDate "2024.10.14"]
[SourceQuality "1"]

1. d4 d5 2. Bf4 Bf5 3. c4 c6 4. e3 e6 5. Nc3 Nf6 6. Qb3 Qb6 7. c5 Qxb3 8. axb3 Nbd7 9. b4 b6 10. Ba6 bxc5 11. bxc5 e5 12. Bg3 Nh5 13. Bb7 Nxg3 14. hxg3 Rb8 15. Rxa7 Be7 16. Bxc6 exd4 17. exd4 Rxb2 18. Nge2 Bg4 19. 0-0 Bxe2 20. Rxd7 0-0 21. Re1 Bf6 22. Rxe2 Rb3 23. Nxd5 Bxd4 24. Rc2 Rb1+ 25. Kh2 g6 26. Bb7 1-0

[Event "San Jose 1000 GM Labor Day op"]
[Site "San Jose"]
[Date "2024.09.02"]
[Round "6"]
[White "Sivakumar, Shaashwath"]
[Black "Atwell, Rose"]
[Result "0-1"]
[WhiteElo "2321"]
[BlackElo "2208"]
[PlyCount "88"]
[EventDate "2024.08.30"]
[EventType "swiss"]
[EventRounds "9"]
[EventCountry "USA"]
[SourceTitle "EXT 2025"]
[Source "ChessBase"]
[SourceDate "2024.10.14"]
[SourceVersion "1"]
[SourceVersionDate "2024.10.14"]
[SourceQuality "1"]

1. d4 d5 2. c4 c6 3. Nf3 Nf6 4. e3 Bf5 5. Nc3 e6 6. Nh4 Bg6 7. Nxg6 hxg6 8. Bd2 Nbd7 9. g3 Be7 10. b3 Ne4 11. Nxe4 dxe4 12. Bg2 f5 13. Qc2 Nf6 14. Bc3 a5 15. f3 exf3 16. Bxf3 Qb6 17. 0-0 e5 18. dxe5 Qxe3+ 19. Kh1 Nh5 20. Kg2 Qh6 21. Qf2 Nf4+ 22. Kh1 Bc5 23. Qc2 Nd3 24. Qg2 0-0 25. Qe2 Rfd8 26. Bd2 Qh3 27. Bg5 Rd4 28. Be3 Nxe5 29. Bxd4 Bxd4 30. Rad1 c5 31. Bxb7 Re8 32. Bd5+ Kh7 33. Bg2 Qh6 34. h3 Qg5 35. Bd5 Qxg3 36. Qg2 Qh4 37. Rde1 g5 38. Re2 g6 39. Qh2 f4 40. Qg2 Be3 41. Rd1 g4 42. Qh2 gxh3 43. Rg1 Ng4 44. Rxe3 Rxe3 0-1

[Event "Titled Tuesday intern op 20th Aug Early"]
[Site "Chess.com INT"]
[Date "2024.08.20"]
[Round "3"]
[White "Sivakumar, Shaashwath"]
[Black "Tharushi, THD Niklesha"]
[Result "1-0"]
[WhiteElo "2321"]
[BlackElo "1852"]
[PlyCount "71"]
[EventDate "2024.08.20"]
[EventType "swiss (blitz)"]
[EventRounds "11"]
[EventCountry "USA"]
[SourceTitle "EXT 2025"]
[Source "ChessBase"]
[SourceDate "2024.10.14"]
[SourceVersion "1"]
[SourceVersionDate "2024.10.14"]
[SourceQuality "1"]

1. d4 d5 2. c4 e6 3. Nc3 a6 4. cxd5 exd5 5. Nf3 h6 6. Bf4 Nf6 7. e3 Bd6 8. Bg3 c6 9. Bd3 0-0 10. Ne5 Re8 11. 0-0 c5 12. f4 cxd4 13. exd4 Nc6 14. Bb1 Qc7 15. Bh4 Nxd4 16. Bxf6 Qc5 17. Kh1 gxf6 18. Qh5 Bxe5 19. fxe5 f5 20. Qxh6 Be6 21. Bd3 Qf8 22. Qh4 Qc5 23. Rae1 Nc6 24. Re3 Kf8 25. Qf6 Red8 26. Rh3 Ke8 27. Bxf5 Kd7 28. Qxf7+ Qe7 29. Bxe6+ Kc7 30. Rh7 Qxf7 31. Rfxf7+ Kb6 32. Rxb7+ Kc5 33. Rhd7 Rf8 34. Rxd5+ Kc4 35. Rd1+ Kc5 36. Ne4# 1-0

[Event "San Jose 1000 GM Independence Day 2"]
[Site "San Jose"]
[Date "2024.07.10"]
[Round "4"]
[White "Sivakumar, Shaashwath"]
[Black "Martinez Romero, Martin"]
[Result "0-1"]
[WhiteElo "2288"]
[BlackElo "2403"]
[PlyCount "64"]
[EventDate "2024.07.08"]
[EventType "tourn"]
[EventRounds "9"]
[EventCountry "USA"]
[EventCategory "6"]
[SourceTitle "CBM 221 Extra"]
[Source "ChessBase"]
[SourceDate "2024.09.30"]
[SourceVersion "1"]
[SourceVersionDate "2024.09.30"]
[SourceQuality "1"]

1. d4 Nf6 2. c4 c5 3. d5 b5 4. cxb5 a6 5. bxa6 g6 6. Nc3 Bg7 7. Nf3 0-0 8. g3 d6 9. Bg2 Nxa6 10. 0-0 Bf5 11. Nh4 Bd7 12. h3 Qc7 13. Bd2 Rfb8 14. Rb1 Qc8 15. g4 Nc7 16. b3 h5 17. g5 Nh7 18. Kh2 Nxg5 19. Bxg5 Bxc3 20. Qc2 Bg7 21. Bxe7 Nb5 22. Qd2 Qe8 23. Qg5 Rxa2 24. Bf3 Nc3 25. Bxh5 Ne4 26. Qe3 Qxe7 27. Nxg6 fxg6 28. Bxg6 Rb4 29. Rg1 Qe5+ 30. f4 Qd4 31. Qxd4 Rxe2+ 32. Kh1 Rxd4 0-1

[Event "San Jose 1000 GM 07"]
[Site "San Jose"]
[Date "2024.07.04"]
[Round "3"]
[White "Levine, Joseph1"]
[Black "Sivakumar, Shaashwath"]
[Result "1-0"]
[WhiteElo "2372"]
[BlackElo "2288"]
[PlyCount "131"]
[EventDate "2024.07.03"]
[EventType "tourn"]
[EventRounds "9"]
[EventCountry "USA"]
[EventCategory "6"]
[SourceTitle "CBM 221 Extra"]
[Source "ChessBase"]
[SourceDate "2024.09.30"]
[SourceVersion "1"]
[SourceVersionDate "2024.09.30"]
[SourceQuality "1"]

1. e4 c6 2. Nf3 d5 3. d3 dxe4 4. dxe4 Qxd1+ 5. Kxd1 Nf6 6. Nbd2 g6 7. Ne5 Bh6 8. f3 Be6 9. a4 Nfd7 10. Nd3 Na6 11. g3 0-0-0 12. Nf4 Nc7 13. Be2 Bxf4 14. gxf4 Bh3 15. Ke1 Ne6 16. Nb3 Nf6 17. Be3 Kb8 18. Nc5 Nd4 19. Rc1 Bg2 20. Bxd4 Rxd4 21. Rg1 Bh3 22. c3 Rdd8 23. Nd3 Be6 24. Kf2 Nh5 25. Ke3 f6 26. Rce1 b6 27. a5 Kb7 28. Ra1 Rd7 29. Ra4 c5 30. axb6 axb6 31. Rga1 Rhd8 32. b4 c4 33. Ra7+ Kb8 34. Ra8+ Kb7 35. R8a7+ Kb8 36. Ra8+ Kb7 37. R1a7+ Kc6 38. Nb2 Rxa7 39. Rxa7 Rd7 40. Rxd7 Kxd7 41. Bxc4 Bxc4 42. Nxc4 Kc6 43. Na3 Ng7 44. c4 Ne8 45. Nb5 Ng7 46. Nc3 e6 47. Ne2 Ne8 48. Nd4+ Kd6 49. c5+ bxc5 50. bxc5+ Kxc5 51. Nxe6+ Kd6 52. Nf8 Nc7 53. Nxh7 Ke7 54. h3 Ne8 55. e5 f5 56. Nf6 Nxf6 57. exf6+ Kxf6 58. Kd4 Kg7 59. Ke5 Kf7 60. Kd6 Kf6 61. h4 Kf7 62. Kd7 Kf6 63. Ke8 Kg7 64. Ke7 Kh7 65. Kf7 Kh6 66. Kg8 1-0